Poezje zebrane

Titel: Poezje zebrane / Leopold Staff
Verfasser:
Ausgabe: Wyd. 3.
Veröffentlicht: [Warszawa] : Państwowy Instytut Wyd.
Format: Mehrteiliges Werk
Sprache: Polnisch
Schriftenreihe/
mehrbändiges Werk:
Biblioteka Poezji i Prozy
Bände: alle Bände anzeigen
Kein Bild verfügbar
X
alg: 17745241
001A    $03004:20-04-06 
001B    $01999:21-11-16 $t03:21:06.000 
001C    $03004:20-04-06 $t14:00:44.000 
001D    $03004:20-04-06 
001U    $0utf8 
001X    $00 
002@    $0Acr 
003@    $0177452412 
003O    $008246158 $aOCoLC 
007A    $0177452412 $aHEB 
007T    $0Herdhh177452412 
010@    $apol 
021A    $aPoezje zebrane $hLeopold Staff 
028A    $#Staff, Leopold $7118922505 $8Staff, Leopold$Z1878-1957 [Tp1] $9087262886 
032@    $aWyd. 3. 
033A    $p[Warszawa] $nPaństwowy Instytut Wyd. 
036G    $aBiblioteka Poezji i Prozy 

lok: 17745241 24

exp: 17745241 24 1 #EPN
201B/01 $020-04-06 $t20:59:00.000 
203@/01 $0386328080 
208@/01 $a20-04-06 $bdummy 
201U/01 $0utf8 

lok: 17745241 66

exp: 17745241 66 1 #EPN
201B/01 $002-11-15 $t11:41:30.000 
201C/01 $002-11-15 
201U/01 $0utf8 
203@/01 $0762465867 
208@/01 $a02-11-15 $bz 
209A/01 $aD 3 Staf/P1-2 $du $f000 $x00 
247C/01 $8618123-5 Darmstadt, Bibliothek des Deutschen Polen-Instituts $9102600902 

lok: 17745241 78

exp: 17745241 78 1 #EPN
201B/01 $019-04-17 $t20:02:04.000 
201U/01 $0utf8 
203@/01 $0794107974 
208@/01 $a12-11-16 $be 
209A/01 $a/ $f000 $x00 
220C/01 $aAnmerkung: *11 
244Z/01 $2Trx $8--Trx--Monographie $x01 $9391384546 
247C/01 $82080>Marburg/Lahn, Herder-Institut, Forschungsbibliothek, Bibliographieportal $9336309341
LEADER 00000cam a22000002ca4500
001 177452412
003 DE-603
005 20161121032106.0
007 tu
008 060420s xx |||| | u00||u|pol c
035 |a (DE-599)HEB177452412 
035 |a (OCoLC)08246158 
040 |a DE-603  |b ger  |c DE-603  |d DE-603 
041 |a pol 
100 1 |a Staff, Leopold  |d 1878-1957  |0 (DE-603)087262886  |0 (DE-588)118922505  |2 gnd 
245 0 0 |a Poezje zebrane  |c Leopold Staff 
250 |a Wyd. 3. 
264 1 |a [Warszawa]  |b Państwowy Instytut Wyd. 
490 0 |a Biblioteka Poezji i Prozy 
924 0 |9 603  |a (DE-603)386328080  |b DE-603  |c HES  |d d 
924 0 |9 Ds 123  |a (DE-603)762465867  |b DE-Ds123  |c HES  |d d  |g D 3 Staf/P1-2 
924 0 |9 2080  |a (DE-603)794107974  |b DE-2080  |c HES  |d d  |g /